| 000 | 00587nam a22001937a 4500 | ||
|---|---|---|---|
| 005 | 20180703105839.0 | ||
| 010 | _aB-161111 | ||
| 020 |
_a8126904585 _c450.00 |
||
| 035 | _aB-161111, B-161108 | ||
| 037 | _bBPPD/PUB | ||
| 082 | _a823.08 | ||
| 100 | _aArora, Neena | ||
| 245 |
_aThe novels of Mulk Raj Anand : _cby Neena Arora _ba study of his hero |
||
| 260 |
_aNew Delhi _bAtlantic _c2005 |
||
| 270 |
_aB-2, Vishal Enclave, Opp. Rajouri Garden _bNew Delhi _e110027 |
||
| 300 |
_aviii, 222 _c22cm (Hb) |
||
| 500 | _aincludes index | ||
| 942 |
_2ddc _cEN _h823.08 _mARO |
||
| 999 |
_c152353 _d152353 |
||